[Event "TUR-ch U13-U18"]
[Site "Antalya"]
[Date "2020.01.25"]
[Round "11"]
[White "Kilic, Gokturk Kagan"]
[Black "Yildirim, Okan"]
[Result "1-0"]
[WhiteElo "1923"]
[BlackElo "1861"]
[PlyCount "83"]
[EventDate "2020.01.19"]
[EventType "swiss"]
[EventRounds "11"]
[EventCountry "TUR"]
[SourceTitle "CBM 195 Extra"]
[Source "ChessBase"]
[SourceDate "2020.05.31"]
[SourceVersion "1"]
[SourceVersionDate "2020.05.31"]
[SourceQuality "1"]

1. d4 Nf6 2. c4 e6 3. Nf3 Bb4+ 4. Bd2 Qe7 5. g3 0-0 6. Bg2 d5 7. 0-0 c6 8. Bg5 h6 9. Bxf6 Qxf6 10. Ne5 Bd6 11. f4 Bxe5 12. fxe5 Qg5 13. Qd2 Qxd2 14. Nxd2 Rd8 15. Rad1 b6 16. cxd5 cxd5 17. Rc1 Ba6 18. Kf2 Kf8 19. Rc7 Rd7 20. Rfc1 Ke7 21. e4 Bc4 22. Rxd7+ Kxd7 23. b3 Bb5 24. exd5 exd5 25. Bxd5 Bc6 26. Bxf7 Na6 27. e6+ Kd6 28. Nc4+ Ke7 29. Nxb6 axb6 30. Rxc6 Nb4 31. Rc7+ Kf6 32. a4 Nd5 33. Rd7 Ra5 34. Kf3 g5 35. Rd8 Ne7 36. Rb8 Nc6 37. Rxb6 Nxd4+ 38. Kg4 Nf5 39. Rb5 h5+ 40. Bxh5 Nh6+ 41. Kf3 Ra6 42. a5 1-0

[Event "TUR-ch U13-U18"]
[Site "Antalya"]
[Date "2020.01.21"]
[Round "4"]
[White "Yildirim, Okan"]
[Black "Angun, Batu"]
[Result "0-1"]
[WhiteElo "1861"]
[BlackElo "2339"]
[PlyCount "56"]
[EventDate "2020.01.19"]
[EventType "swiss"]
[EventRounds "11"]
[EventCountry "TUR"]
[SourceTitle "CBM 195 Extra"]
[Source "ChessBase"]
[SourceDate "2020.05.31"]
[SourceVersion "1"]
[SourceVersionDate "2020.05.31"]
[SourceQuality "1"]

1. e4 c5 2. Nf3 e6 3. d4 cxd4 4. Nxd4 Nc6 5. Nc3 Qc7 6. g3 a6 7. Bg2 Nf6 8. 0-0 Be7 9. Be3 h5 10. h3 Ne5 11. Bf4 d6 12. Bxe5 dxe5 13. Nde2 b5 14. a3 Bb7 15. Nc1 h4 16. g4 Nd7 17. Nd3 0-0 18. Qe2 Rac8 19. f4 exf4 20. Nxf4 Bg5 21. Nd3 Ne5 22. Nxe5 Qxe5 23. Rad1 Bd8 24. Qf2 Bc7 25. Qxh4 Qh2+ 26. Kf2 Bb6+ 27. Kf3 f5 28. gxf5 Rxf5+ 0-1

[Event "TUR-chT 2nd League"]
[Site "Konya"]
[Date "2019.07.23"]
[Round "3.2"]
[White "Alaoglu, Niyazi Bekirhan"]
[Black "Yildirim, Okan"]
[Result "0-1"]
[WhiteElo "1769"]
[BlackElo "1657"]
[PlyCount "134"]
[EventDate "2019.07.22"]
[EventType "team-swiss"]
[EventRounds "9"]
[EventCountry "TUR"]
[SourceTitle "CBM 191 Extra"]
[Source "ChessBase"]
[SourceDate "2019.09.30"]
[SourceVersion "1"]
[SourceVersionDate "2019.09.30"]
[SourceQuality "1"]
[WhiteTeam "Koroglu Dernegi"]
[BlackTeam "Dogukisla Genclik Spor"]
[WhiteTeamCountry "TUR"]
[BlackTeamCountry "TUR"]

1. Nf3 d5 2. b3 Nf6 3. Bb2 e6 4. e3 Bd6 5. Be2 Nbd7 6. d4 Ne4 7. 0-0 0-0 8. c4 c6 9. Nc3 f5 10. Ne5 Nxe5 11. Nxe4 Nxc4 12. bxc4 fxe4 13. c5 Bc7 14. f4 exf3 15. Rxf3 Rxf3 16. Bxf3 Qg5 17. Bc1 Qf6 18. e4 dxe4 19. Bxe4 Bxh2+ 20. Kxh2 Qh4+ 21. Kg1 Qxe4 22. Bb2 Qe3+ 23. Kh1 Bd7 24. Qb3 Qxb3 25. axb3 a6 26. Rf1 Rf8 27. Kg1 Rxf1+ 28. Kxf1 g5 29. Bc1 h6 30. Kf2 Kf7 31. Kf3 Be8 32. g4 Ke7 33. Bd2 Bg6 34. Ba5 Bc2 35. b4 Bd1+ 36. Kg3 Kd7 37. Bb6 Bb3 38. Ba7 Ke7 39. Bb8 Kf7 40. Bc7 Kg6 41. Bd6 Bd1 42. Be7 h5 43. gxh5+ Bxh5 44. Kf2 Kf5 45. Ke3 Bd1 46. Bd8 Bb3 47. Bc7 Bd5 48. Bd6 Kg4 49. Kf2 Kh3 50. Be5 g4 51. Bg3 Ba2 52. Bd6 Kh4 53. Be7+ Kh5 54. Ke3 Bd5 55. Kf4 Bf3 56. Bd8 Kg6 57. Bh4 Bd1 58. Ke5 Bb3 59. Kd6 Kf5 60. Kc7 Bc4 61. Kxb7 Bb5 62. Kc7 Ke4 63. Bf2 e5 64. d5 Kxd5 65. Be1 e4 66. Kd7 e3 67. Ke7 Ke5 0-1

[Event "TUR-chT2"]
[Site "Konya"]
[Date "2016.07.18"]
[Round "2.10"]
[White "Baylav, Can"]
[Black "Yildirim, Okan"]
[Result "1-0"]
[WhiteElo "1843"]
[BlackElo "1449"]
[PlyCount "59"]
[EventDate "2016.07.17"]
[EventType "team-swiss"]
[EventRounds "9"]
[EventCountry "TUR"]
[SourceTitle "CBM 173 Extra"]
[Source "ChessBase"]
[SourceDate "2016.08.29"]
[SourceVersion "1"]
[SourceVersionDate "2016.08.29"]
[SourceQuality "1"]
[WhiteTeam "Mersin Ezgi"]
[BlackTeam "Antalya Deniz Genclik"]
[WhiteTeamCountry "TUR"]
[BlackTeamCountry "TUR"]

1. e4 b6 2. d4 Bb7 3. Bd3 e6 4. Nf3 Nf6 5. Qe2 d5 6. e5 Ne4 7. Nbd2 Nxd2 8. Bxd2 c5 9. c3 Qc8 10. Ng5 Ba6 11. Qh5 Qd7 12. Bxa6 Nxa6 13. Nxh7 0-0-0 14. Qe2 Nc7 15. Nxf8 Rdxf8 16. dxc5 bxc5 17. b4 c4 18. a4 Qc6 19. b5 Qb6 20. 0-0 Ne8 21. a5 Qd8 22. Qe3 Qe7 23. a6 Rh5 24. b6 Rfh8 25. b7+ Kb8 26. Qxa7+ Kxa7 27. Be3+ Kb8 28. a7+ Kxb7 29. a8Q+ Kc7 30. Ra7# 1-0

[Event "TUR-chT2"]
[Site "Konya"]
[Date "2016.07.17"]
[Round "1.10"]
[White "Ozen, Batuhan"]
[Black "Yildirim, Okan"]
[Result "1-0"]
[WhiteElo "1932"]
[BlackElo "1449"]
[PlyCount "61"]
[EventDate "2016.07.17"]
[EventType "team-swiss"]
[EventRounds "9"]
[EventCountry "TUR"]
[SourceTitle "CBM 173 Extra"]
[Source "ChessBase"]
[SourceDate "2016.08.29"]
[SourceVersion "1"]
[SourceVersionDate "2016.08.29"]
[SourceQuality "1"]
[WhiteTeam "Denizli Pamukkale Uni"]
[BlackTeam "Antalya Deniz Genclik"]
[WhiteTeamCountry "TUR"]
[BlackTeamCountry "TUR"]

1. Nf3 Nf6 2. g3 g6 3. b4 Bg7 4. Bb2 0-0 5. Bg2 d5 6. 0-0 Nbd7 7. d3 c6 8. Nbd2 Qc7 9. c4 dxc4 10. Nxc4 Nd5 11. Bxg7 Kxg7 12. Qb3 N7b6 13. Rfc1 Nxc4 14. Qxc4 Be6 15. Ng5 Qe5 16. Nxe6+ fxe6 17. Bf3 Rf6 18. Rab1 Raf8 19. b5 cxb5 20. Rxb5 Rxf3 21. exf3 Rxf3 22. Qe4 Qf6 23. Rc2 Ne3 24. Rc1 Nd5 25. Qe2 b6 26. Kg2 Rf4 27. Rxd5 exd5 28. gxf4 Qxf4 29. Qxe7+ Kh6 30. Qe3 Qxe3 31. fxe3 1-0